Female Authors Match Quiz Stats

 Plays Quiz Updated Sep 6, 2014

Support Sporcle.
Go Orange.
Score 0/40 Timer 05:00
0 Plays Today
% Correct
J.K.
97.9%
Agatha
97.3%
Jane
95.1%
Virginia
95.1%
Harper
90.4%
Louisa May
90.4%
Mary
88.7%
Beatrix
88%
Maya
87.9%
Sylvia
86.3%
Harriet
84.1%
Laura
82.5%
Ayn
81.1%
Danielle
80.9%
Anne
79.2%
Toni
76.7%
Margaret
75.1%
Simone
71.8%
Edith
70.5%
Daphne
70.3%
% Correct
Suzanne
68.4%
Pearl S.
65.5%
Dorothy
57.5%
Baroness Emmuska
53.6%
Germaine
53%
Isabel
52%
Helen
50.6%
Zadie
47.6%
Alice
47.1%
Enid
46.9%
Ursula
45.8%
Doris
45.7%
E.L.
44.9%
Iris
42.9%
L.M.
41.8%
Patricia
39.1%
Muriel
37.6%
A.S.
32.4%
Hilary
32.2%
Cassandra
23.7%

You're not logged in!

Compare scores with friends on all Sporcle quizzes.
OR
Log In
Forgot?

From the Vault

Musicians by Death Location & Year

by babymonkee

Many of these musicians left us far too soon.
Remove Ads.
Support Sporcle.
Get the best of Sporcle when you Go Orange. This ad-free experience offers more features, more stats, and more fun while also helping to support Sporcle. Thank you for becoming a member.

Show Comments

Extras

Top Quizzes Today


Score Distribution

Your Account Isn't Verified!

In order to create a playlist on Sporcle, you need to verify the email address you used during registration. Go to your Sporcle Settings to finish the process.

Report this User

Report this user for behavior that violates our Community Guidelines.

Details: